| 000 | 00982nam a2200253 a 4500 | ||
|---|---|---|---|
| 001 | 75881 | ||
| 003 | BD-RjUL | ||
| 005 | 20211209082746.0 | ||
| 008 | 190826s1963 pk a 000 0 eng d | ||
| 020 | _c: PRs.10.00 (V-2) | ||
| 035 | _a(BD-RjUL)76100 | ||
| 040 |
_aDLC _cVAL _dVAL _dBD-RjUL _beng |
||
| 041 | _aeng | ||
| 082 | 0 | 0 |
_a331.89143 _bHUL 1963 _223 |
| 100 | 1 |
_aHussain, Ch. Altaf _99621 |
|
| 245 | 1 | 4 |
_aThe law and practice of industrial disputes in Pakistan / _cBy Ch. Altaf Hussain. |
| 260 |
_aLahore : _bPakistan Law Times Publications, _c1963 |
||
| 300 |
_a v. : _bill. ; _c23 cm. |
||
| 500 | _aIncludes index. | ||
| 505 | 0 | _aVol. 2, Trade Unions Act,1926 (as amended up-to-date, with text of Amending Ordinances, 1960 and 1961, Regulations framed by various appropriate Governments and history of Trade Union Movement and Trade Union Law) -- | |
| 650 | 0 |
_aArbitration, Industrial _zPakistan. _960467 |
|
| 650 | 0 |
_aLabor courts _zPakistan. _960468 |
|
| 942 |
_2ddc _cBK |
||
| 999 |
_c75881 _d75881 |
||